| 000 | 00787nam a22002177a 4500 | ||
|---|---|---|---|
| 005 | 20160311123923.0 | ||
| 008 | 081119t xxu||||| |||| 00| 0 ur d | ||
| 010 | _aB-283650, UR-7636 | ||
| 020 |
_a8189461435 _c150.00 |
||
| 035 | _aU-6191 | ||
| 040 |
_aDPL _bUR |
||
| 082 | _2842.08 | ||
| 100 |
_aسدھو, چرن داس _99405 |
||
| 245 |
_aمیری ادبی آپ بیتی _cچرن داس سدّّھو _b میں نے ڈرامے کیسے گڑھے |
||
| 246 |
_aMeri adabi aap biti (my literary autobiography) _bby Charan Dass Sidhu |
||
| 260 |
_aرہلی _bکتابی دنیا _c2007 |
||
| 270 |
_a1955, Gali Nawab Mirza, Turkman Gate _bDelhi _e110006 |
||
| 300 |
_a510 p. _c22 cm. |
||
| 650 |
_aLiterary autobiography _99406 |
||
| 942 |
_2ddc _cUR _h842.08 _mس د ھ |
||
| 999 |
_c18770 _d18770 |
||